Sports Quiz

Random Sports or MLB Quiz
Score 0/41 Timer 05:00
0 Plays Today
Year Pitcher % Correct
1992Doug Drabek
94.8%
1991Doug Drabek
94.8%
1990Doug Drabek
94.8%
1989Doug Drabek
94.8%
1988Doug Drabek
94.8%
2015Gerrit Cole
92.1%
2013A.J. Burnett
90.8%
2012A.J. Burnett
90.8%
1977John Candelaria
77.8%
1976John Candelaria
77.8%
2009Zach Duke
73.2%
2006Zach Duke
73.2%
1979Bert Blyleven
69.9%
1978Bert Blyleven
69.9%
1986Rick Rhoden
68.6%
1985Rick Rhoden
68.6%
1984Rick Rhoden
68.6%
1983Rick Rhoden
68.6%
1982Rick Rhoden
68.6%
1981Rick Rhoden
68.6%
1994Zane Smith
67.3%
Year Pitcher % Correct
2004Oliver Perez
63.4%
2005Kip Wells
62.7%
2003Kip Wells
62.7%
2002Kip Wells
62.7%
2000Kris Benson
62.7%
2010Paul Maholm
61.4%
2008Paul Maholm
61.4%
1999Jason Schmidt
61.4%
2014Edinson Volquez
58.2%
1980Jim Bibby
57.5%
2007Ian Snell
56.9%
2011Charlie Morton
52.9%
1975Jerry Reuss
52.3%
1996Denny Neagle
51.6%
1995Denny Neagle
51.6%
1998Francisco Cordova
49.7%
2001Todd Ritchie
45.8%
1997Esteban Loaiza
42.5%
1993Steve Cooke
34%
1987Brian Fisher
32%
Remove Ads.
Support Sporcle.
Get the best of Sporcle when you Go Orange. This ad-free experience offers more features, more stats, and more fun while also helping to support Sporcle. Thank you for becoming a member.

You're not logged in!

Compare scores with friends on all Sporcle quizzes.
OR
Log In

Show Comments

Extras

Top Quizzes Today


Score Distribution

Your Account Isn't Verified!

In order to create a playlist on Sporcle, you need to verify the email address you used during registration. Go to your Sporcle Settings to finish the process.

Report this User

Report this user for behavior that violates our Community Guidelines.

Details: